| 000 | 00390nam a2200133Ia 4500 | ||
|---|---|---|---|
| 008 | 250506s9999 xx 000 0 und d | ||
| 024 | _a08B-BS-32 & 08B-BS-38 | ||
| 082 | _a005.1072 HAM | ||
| 100 | _aHammad Ahmed & Wisam Abdul Qadeer | ||
| 245 | 0 | _aUrdu Text Classification | |
| 260 |
_aKarachi: _bUIT, _c2008 |
||
| 600 | _aComputer Science | ||
| 650 | _aBachelor of Computer Science (BS) | ||
| 999 |
_c27507 _d27507 |
||